| 000 | 00000nam##2200000za#4500 |
| 001 | 9.639910 |
| 003 | CaOODSP |
| 005 | 20210624222416 |
| 007 | cr ||||||||||| |
| 008 | 150407|1991||||xxc|||||o f|0| 0 fre|d |
| 040 | |aCaOODSP|bfre |
| 043 | |an-cn--- |
| 086 | 1 |aH42-2/44-1990F-PDF |
| 110 | 1 |aCanada.|bSanté et Bien-être social Canada. |bDirection générale de la protection de la santé. |
| 245 | 10|aTraitement des infections à CMV chez les personnes infectées par le VIH et prise en charge des malades : |h[ressource électronique]|brapport / |cpar Susan M. King. |
| 260 | |aOttawa - Ontario : |bSanté et Bien-être social Canada. |cFévrier 1991. |
| 300 | |a22p.|bréférences |
| 500 | |aLe nº de catalogue (H42-2/44-1990) et l'ISBN (0-662-57889-9) de l'édition imprimée bilingue ont été incorrectement copiés dans cette publication électronique. |
| 590 | |a12-17-Supp|b2012-04-20 |
| 691 | 07|aProtection de la santé|2gcpds |
| 691 | 07|aSIDA|2gcpds |
| 691 | 07|aVirus|2gcpds |
| 720 | 1 |aKing, Susan M. |
| 775 | 08|tTherapy and management of CMV in patients with HIV infection : |w(CaOODSP)9.695821 |
| 776 | 0#|tTherapy and management of CMV in patients with HIV infection / |w(CaOODSP)9.654481 |
| 776 | 0#|tTraitement des infections à CMV chez les personnes infectées par le VIH et prise en charge des malades / |w(CaOODSP)9.654482 |
| 856 | 40|ahttp://publications.gc.ca|qPDF|s59 Ko|uhttps://publications.gc.ca/collections/Collection/H42-2-44-1990F.pdf |